<?xml version="1.0" encoding="UTF-8"?>
<record
    xmlns:xsi="http://www.w3.org/2001/XMLSchema-instance"
    xsi:schemaLocation="http://www.loc.gov/MARC21/slim http://www.loc.gov/standards/marcxml/schema/MARC21slim.xsd"
    xmlns="http://www.loc.gov/MARC21/slim">

  <leader>01082nam a22002057a 4500</leader>
  <controlfield tag="008">180525b        xxu||||| |||| 00| 0 eng d</controlfield>
  <datafield tag="020" ind1=" " ind2=" ">
    <subfield code="a">8881581485</subfield>
  </datafield>
  <datafield tag="082" ind1=" " ind2=" ">
    <subfield code="a">708</subfield>
    <subfield code="b">M965c</subfield>
  </datafield>
  <datafield tag="100" ind1=" " ind2=" ">
    <subfield code="a">Mundici, Cristina (Editor)</subfield>
    <subfield code="9">6324</subfield>
  </datafield>
  <datafield tag="110" ind1=" " ind2=" ">
    <subfield code="a">Stedelijk Museum</subfield>
    <subfield code="9">6325</subfield>
  </datafield>
  <datafield tag="245" ind1=" " ind2=" ">
    <subfield code="a">Carolrama</subfield>
  </datafield>
  <datafield tag="260" ind1=" " ind2=" ">
    <subfield code="a">Mil&#xE1;n, Italia</subfield>
    <subfield code="b">Edizioni Charta</subfield>
    <subfield code="c">1998</subfield>
  </datafield>
  <datafield tag="300" ind1=" " ind2=" ">
    <subfield code="a">157 p.</subfield>
    <subfield code="b">ill (col)</subfield>
    <subfield code="c">27 cm</subfield>
  </datafield>
  <datafield tag="505" ind1=" " ind2=" ">
    <subfield code="t">Like a Poet</subfield>
    <subfield code="r">Fuchs,Rudi </subfield>
    <subfield code="t">Come un poeta</subfield>
    <subfield code="t">A Career</subfield>
    <subfield code="r">Fossati Paolo, Mundici, Cristina</subfield>
    <subfield code="t">Un percorso</subfield>
    <subfield code="t">The home-studio</subfield>
    <subfield code="r">Nine Photograps by / Nove fotografie di Pino Dell'Aquila</subfield>
    <subfield code="t">The Eclipsed Raibow of Carol Rama</subfield>
    <subfield code="r">Levi, Corrado</subfield>
    <subfield code="t">L'arcobaleno in eclisse di Carol Rama</subfield>
    <subfield code="t">La mucca pazza / Mad Cow</subfield>
    <subfield code="r">Sanguineti, Edoardo</subfield>
    <subfield code="t">Works / Opere</subfield>
    <subfield code="t">List of Works / Elenco delle opere</subfield>
    <subfield code="t">Exhibitions and Bibliography </subfield>
    <subfield code="r">compiled by / a cura di Lina Brocco</subfield>
  </datafield>
  <datafield tag="650" ind1=" " ind2=" ">
    <subfield code="2">Arte Moderno</subfield>
    <subfield code="x">Arte - exhibiciones</subfield>
    <subfield code="x">Arte - cat&#xE1;logo de exhibici&#xF3;n </subfield>
    <subfield code="x">Rama, Carol - artista</subfield>
    <subfield code="z">Italia</subfield>
    <subfield code="9">6326</subfield>
  </datafield>
  <datafield tag="700" ind1=" " ind2=" ">
    <subfield code="a">Fuchs, Rudi</subfield>
    <subfield code="9">6327</subfield>
  </datafield>
  <datafield tag="700" ind1=" " ind2=" ">
    <subfield code="a">Fossati, Paolo</subfield>
    <subfield code="9">6328</subfield>
  </datafield>
  <datafield tag="700" ind1=" " ind2=" ">
    <subfield code="a">Corrado, Levi</subfield>
    <subfield code="9">6329</subfield>
  </datafield>
  <datafield tag="700" ind1=" " ind2=" ">
    <subfield code="a">Sanguineti, Edoardo</subfield>
    <subfield code="9">6330</subfield>
  </datafield>
  <datafield tag="999" ind1=" " ind2=" ">
    <subfield code="c">1465</subfield>
    <subfield code="d">1465</subfield>
  </datafield>
  <datafield tag="952" ind1=" " ind2=" ">
    <subfield code="0">0</subfield>
    <subfield code="1">0</subfield>
    <subfield code="2">ddc</subfield>
    <subfield code="4">0</subfield>
    <subfield code="7">0</subfield>
    <subfield code="a">LV</subfield>
    <subfield code="b">LV</subfield>
    <subfield code="c">Monograf&#xED;as</subfield>
    <subfield code="d">2018-05-25</subfield>
    <subfield code="l">0</subfield>
    <subfield code="o">708 M965c</subfield>
    <subfield code="p">000976</subfield>
    <subfield code="r">2018-05-25 00:00:00</subfield>
    <subfield code="w">2018-05-25</subfield>
    <subfield code="y">01</subfield>
  </datafield>
</record>
